Представление документа в формате RUSMARC

ПолеНазваниеЗначение
  Тип записи a
  Библиографический уровень m
001 Контрольный номер RU\NLR\bibl\1073823
005 Дата корректировки 20180512104018.1
010 Индекс ISBN __
a ISBN 5-9268-0550-X
d Цена 330-00
021 № государственной регистрации __
b № документа 07-14689
b № документа 787
100 Данные общей обработки __
a Данные общей обработки 19070315d2007 |||y0rusy0189 ca
101 Язык документа __
a Язык текста rus
102 Страна публикации __
a Страна публикации RU
102 Страна публикации __
a Страна публикации RU
105 Кодированные данные (монография) __
a Кодированные данные (монография) a |||||||zy
200 Заглавие и сведения об ответственности __
a Заглавие Лечебная физическая культура в детском возрасте
e Сведения, относящиеся к заглавию учебно-метод. пособие : для студентов мед. и пед. вузов, обучающихся по специальности "040108 - Лечебная физкультура и спортивная медицина"
f Первые сведения об ответственности А. А. Потапчук, С. В. Матвеев, М. Д. Дидур
210 Выходные данные __
a Место издания Санкт-Петербург
c Издательство Речь
d Дата издания 2007
215 Физическое описание __
a Объем 463 с., [6] л. цв. ил.
c Иллюстрации/тип воспроизводства ил., табл.
320 Библиография __
a Библиография Библиогр.: с. 453-463
330 Аннотация __
a Аннотация В книге представлен перечень программ, которые прошли апробацию в ведущих научных и медицинских центрах.
606 Тематические рубрики __
a Основная рубрика Здравоохранение. Медицинские науки
606 Тематические рубрики __
a Основная рубрика Клиническая медицина в целом
606 Тематические рубрики __
a Основная рубрика Физиотерапия
606 Тематические рубрики __
a Основная рубрика Педиатрия
610 Ключевые слова __
a Ключевые слова дети
a Ключевые слова здоровье детей
a Ключевые слова лечебная физкультура
a Ключевые слова ЛФК
610 Ключевые слова __
a Ключевые слова лечебная физическая культура
a Ключевые слова физическое воспитание
686 Индексы других классификаций __
2 Код системы rubbk
a Индекс ББК 53.541.1
686 Индексы других классификаций __
a Индекс ББК 57.33
700 Автор _1
a Фамилия Потапчук
b Имя А. А.
g Полное личное имя Алла Аскольдовна
701 Альтернативная интеллектуальная ответственность (другие авторы) _1
a Фамилия Матвеев
b Имя С. В.
c Титул (звания) д-р мед. наук
g Полное личное имя Сергей Владимирович
701 Альтернативная интеллектуальная ответственность (другие авторы) _1
a Фамилия Дидур
b Имя М. Д.
g Полное личное имя Михаил Дмитриевич
801 Источник записи _0
a Страна RU
b Организация РКП
c Дата составления 20070315
801 Источник записи _1
a Страна RU
b Организация РГБ
c Дата составления 20070315
801 Источник записи _2
a Страна RU
b Организация NLR
c Дата составления 20070315
801 Источник записи _2
a Страна RU
b Организация Центральная районная библиотека им. Г. А. Пирожникова
c Дата составления 20070315
852 Данные о местонахождении __
j Шифр хранения 53.541.1
i Авторский знак П 64
b Сигла хранения ООЧ
901 Тип документа __
t Тип документа m
902 Роль лиц __
a Создатель БЗ ОКиО/Кашаева
905 Дата создания БЗ __
a Дата создания БЗ 2011.12.01
990 Данные о заказе (DOS) __
j Количество экземпляров (DOS) 1
h N записи в КСУ для Б/У (DOS) 2012-1